| 000 | 00755nam a22001337a 4500 | ||
|---|---|---|---|
| 040 | _cRUA | ||
| 082 | _aAGR LEA 2011 B470 Or.1 | ||
| 100 | _aLEANG SEREIKOL; លាង សិរីកុល | ||
| 245 | _aEffect of soil improvement techniques on soil fertility and yield of sen pidao rice grown on prateah leng soil; ប្រសិទ្ធភាពនៃបច្ចេកទេសកែល្មអដី ទៅលើេជីជាតិដី និងទិន្នផលស្រូវសែនពិដោ នៅលើក្រុមដីប្រទះឡាង | ||
| 260 |
_aPhnom Penh _bRUA _c2011 |
||
| 300 |
_axii;48p. _bill. _c29cm. |
||
| 856 | _uhttps://drive.google.com/file/d/1yoHWsU9YlG2641YphuhfaVxoCauAhJCh/view?usp=sharing | ||
| 942 | _cAGR | ||
| 999 |
_c7974 _d7974 |
||